Gate general aptitude Vol. 1 (Record no. 198349)

MARC details
000 -LEADER
fixed length control field 00393nam a2200157Ia 4500
008 - FIXED-LENGTH DATA ELEMENTS--GENERAL INFORMATION
fixed length control field 231217s9999 xx 000 0 und d
020 ## - INTERNATIONAL STANDARD BOOK NUMBER
International Standard Book Number 97893843014
041 ## - LANGUAGE CODE
Language code of text/sound track or separate title English
082 ## - DEWEY DECIMAL CLASSIFICATION NUMBER
Classification number 620.076 KAN;1 R
100 ## - MAIN ENTRY--PERSONAL NAME
Personal name Kanodia, R K.
245 #0 - TITLE STATEMENT
Title Gate general aptitude Vol. 1
260 ## - PUBLICATION, DISTRIBUTION, ETC.
Date of publication, distribution, etc. 2017
Name of publisher, distributor, etc. Nodia & Company
Place of publication, distribution, etc. Jaipur
300 ## - PHYSICAL DESCRIPTION
Extent 320
650 ## - SUBJECT ADDED ENTRY--TOPICAL TERM
Topical term or geographic name entry element Gate,aptitude,Vol.,1
942 ## - ADDED ENTRY ELEMENTS (KOHA)
Koha item type Books
Holdings
Date last seen Total checkouts Full call number Accession number Price effective from Category Lost status Damaged status Department Withdrawn status Home library Current library Shelving location Entry date Grants Currency symbol Conversion rate Discount Old discount
26/01/2024   620.076 KAN;1 R 91864 26/01/2024 Books     EC   Central Library Central Library   10/01/2018 DONATED RS 1    

© For any Suggestions or Query, please contact the library staff @ librarian@pes.edu or Phone: +9180 2672 1983/ 2108.